As they liked it. A study of Shakespeare's Moral Artistry
Guardat en:
| Autor principal: | |
|---|---|
| Format: | Llibre |
| Idioma: | Undetermined |
| Publicat: |
New York, Estados Unidos
Harper Torch-books
1961
|
| Matèries: | |
| Etiquetes: |
Afegir etiqueta
Sense etiquetes, Sigues el primer a etiquetar aquest registre!
|
MARC
| LEADER | 00000nam a2200000Ia 4500 | ||
|---|---|---|---|
| 008 | 170316s9999 xx 000 0 und d | ||
| 040 | |a cru BVZT | ||
| 090 | |a C-820 H-2a | ||
| 100 | |a Harbage, Alfred | ||
| 245 | |a As they liked it. A study of Shakespeare's Moral Artistry | ||
| 260 | |a New York, Estados Unidos | ||
| 260 | |b Harper Torch-books | ||
| 260 | |c 1961 | ||
| 300 | |a 234 páginas | ||
| 650 | |a LITERATURA INGLESA | ||
| 650 | |a CRÍTICA | ||
| 999 | |c 12903 |d 12903 | ||
| 942 | |c 15 D |h C-820 H-2a |2 z | ||
